[Event "Cto Equipos Aragon 2012 Preferente B"]
[Site "Aragon"]
[Date "2012.02.11"]
[Round "2.56"]
[White "Glaria Tevar Salvador"]
[Black "Perez Puyal Jose Joaquin"]
[Result "1-0"]
[WhiteElo "1921"]
[BlackElo "1929"]

1.e4 d5 2.exd5 Qxd5 3.Nc3 Qa5 4.Nf3 Nf6 5.b4 Qxb4 6.a4 Qd6 7.Ba3 Qd8 8.Bc4 g6
9.Ne5 e6 10.Bxf8 Kxf8 11.Qe2 Bd7 12.h4 h5 13.Rb1 b6 14.Qf3 c6 15.Ne4 Kg7 16.
Rb3 Qe7 17.Nxf6 Qxf6 18.Qe4 Qf5 19.Qd4 c5 20.Qd6 Bc6 21.O-O Qxc2 22.Bxe6 fxe6
23.Qe7+ Kh6 24.Qg5+ Kh7 25.Qe7+ Kh6 26.d3 Rg8 27.Nf7+ 1-0

[Event "Cto Equipos Aragon 2012 Preferente B"]
[Site "Aragon"]
[Date "2012.02.11"]
[Round "2.57"]
[White "Landa Garriga Francisco Javier"]
[Black "Maza Broto Pablo"]
[Result "1-0"]
[WhiteElo "1986"]
[BlackElo "2084"]

1.e4 e6 2.d4 d5 3.Nc3 Bb4 4.e5 c5 5.a3 Bxc3+ 6.bxc3 Qc7 7.Bd2 Nc6 8.Qg4 f5 9.
Qh5+ Qf7 10.Qxf7+ Kxf7 11.Ne2 Nge7 12.h4 Bd7 13.O-O-O Na5 14.Nf4 Rhc8 15.c4
Nxc4 16.Bxc4 dxc4 17.dxc5 Bc6 18.Be3 Bd5 19.Rhg1 Rc6 20.c3 Ra6 21.Kb2 b6 22.
cxb6 axb6 23.Ra1 Ra5 24.f3 Nc6 25.Bd4 Rb5+ 26.Kc2 Rb3 27.Rgb1 Nxd4+ 28.cxd4
Bc6 29.Rxb3 Ba4 30.Kc3 Bxb3 31.Ne2 Rc8 32.a4 h6 33.a5 bxa5 34.Rxa5 Rc7 35.Nc1
Kg6 36.Nxb3 cxb3+ 37.Kxb3 f4 38.Rc5 Rd7 39.Kc4 Kf5 40.Rc8 Rf7 41.Kc5 g5 42.
hxg5 Kxg5 43.Kd6 Kf5 44.Rh8 Ra7 45.Rxh6 Ra6+ 46.Kc5 Ra2 47.Rf6+ Kg5 48.Rxe6
Rxg2 49.d5 Rc2+ 50.Kd6 Rc3 51.Ke7 Rxf3 52.Rf6 Re3 53.Ke6 f3 54.d6 Ra3 55.Ke7
Ra5 56.e6 Rf5 57.Rxf5+ Kxf5 58.d7 f2 59.d8=Q f1=Q 60.Qf8+ 1-0

[Event "Cto Equipos Aragon 2012 Preferente B"]
[Site "Aragon"]
[Date "2012.02.11"]
[Round "2.58"]
[White "Buil Rello Jose Antonio"]
[Black "Gayan Carceller Miguel Angel"]
[Result "1/2-1/2"]
[WhiteElo "1966"]
[BlackElo "1909"]

1.e4 e6 2.d4 d5 3.e5 c5 4.c3 Nc6 5.Be3 cxd4 6.cxd4 Qb6 7.Qd2 Bd7 8.Nc3 Na5 9.
Nf3 Rc8 10.Be2 Nc4 11.Bxc4 Rxc4 12.O-O Ne7 13.Nh4 Ng6 14.Nf3 Be7 15.Rfc1 O-O
16.Ne1 f5 17.b3 Rcc8 18.Nd3 Qa5 19.Ne2 Qxd2 20.Bxd2 Bb5 21.Rxc8 Rxc8 22.Rc1
Rxc1+ 23.Nexc1 Ba3 24.f4 b6 25.g3 Ne7 26.Kf2 Nc6 27.Ke3 Bxc1 28.Nxc1 Kf7 29.a3
a5 30.Bc3 Na7 31.Bb2 Ke7 32.Na2 a4 33.b4 Bc4 34.Nc3 b5 35.Nb1 Kd7 36.Nc3 Kc6
37.Nb1 Nc8 38.Nc3 Nb6 39.Nb1 Ba2 40.Nd2 Bc4 41.Bc3 Bb3 1/2-1/2

[Event "Cto Equipos Aragon 2012 Preferente B"]
[Site "Aragon"]
[Date "2012.02.11"]
[Round "2.59"]
[White "Gimeno Diaz Fernando"]
[Black "Salas Latorre Jose"]
[Result "1-0"]
[WhiteElo "1874"]
[BlackElo "1783"]

1.d4 Nf6 2.Nf3 c5 3.c4 e6 4.Nc3 d5 5.cxd5 Nxd5 6.e4 Nxc3 7.bxc3 cxd4 8.cxd4
Nc6 9.Be2 Be7 10.O-O O-O 11.Rb1 b6 12.Qa4 Bb7 13.Rd1 Na5 14.d5 exd5 15.exd5
Qc8 16.d6 Bf6 17.d7 Qc6 18.Bb5 Qe6 19.Ba3 Rfd8 20.Bb4 a6 21.Bd3 Nc6 22.Be1 b5
23.Qc2 g6 24.a4 Rxd7 25.axb5 axb5 26.Rxb5 Nd4 27.Nxd4 Bxd4 28.Bc4 Qg4 29.Rxb7
Rxb7 30.Bd5 Rb2 31.Qd3 Rd8 32.Qxd4 Qxd4 33.Rxd4 Rbb8 34.Kf1 Kg7 35.Ke2 Rb5 36.
Bc3 f6 37.Be4 Rxd4 38.Bxd4 Rb8 39.h4 h5 40.Ke3 Rc8 41.Kf4 Rb8 42.f3 Rb4 43.Ke3
Rb8 44.g4 hxg4 45.fxg4 Rh8 46.g5 Rf8 47.gxf6+ Kh6 48.Kf4 Rf7 49.Kg4 Rf8 50.
Be3+ Kh7 51.Kg5 Rb8 52.Bxg6+ Kg8 53.Kh6 Rb5 54.h5 Rd5 55.Bc1 Ra5 56.Bd2 Rb5
57.Bc3 Rb8 58.f7+ Kf8 59.Bg7+ Ke7 60.Be5 Rd8 61.Kg7 1-0

[Event "Cto Equipos Aragon 2012 Preferente B"]
[Site "Aragon"]
[Date "2012.02.11"]
[Round "2.60"]
[White "Olivan Alvira Alejandro"]
[Black "Navarro Sancho Rafael"]
[Result "1/2-1/2"]
[WhiteElo "1569"]
[BlackElo "1802"]

1.d4 Nf6 2.Nf3 g6 3.Bf4 Bg7 4.e3 c5 5.c3 b6 6.Nbd2 O-O 7.Bd3 Ba6 8.Bxa6 Nxa6
9.Qe2 Nc7 10.Bxc7 Qxc7 11.O-O Rac8 12.Rac1 Qb7 13.Rfe1 d5 14.Ne5 e6 15.Ndf3
Nd7 16.Nxd7 Qxd7 17.a3 Rfe8 18.Qd1 Qb5 19.Qe2 Qxe2 20.Rxe2 Rc7 21.Rb1 Rec8 22.
Nd2 cxd4 23.exd4 Kf8 24.f4 Ke7 25.Nf3 h6 1/2-1/2

[Event "Cto Equipos Aragon 2012 Preferente B"]
[Site "Aragon"]
[Date "2012.02.11"]
[Round "2.62"]
[White "Martinez Asensio Juan Miguel"]
[Black "Calvo Mayayo Jose Maria"]
[Result "1/2-1/2"]
[WhiteElo "2116"]
[BlackElo "1931"]

1.c4 e5 2.g3 g6 3.Bg2 Bg7 4.Nc3 Nc6 5.e4 Nge7 6.Nge2 O-O 7.O-O d6 8.d3 Be6 9.
Nd5 Qd7 10.Bg5 f6 11.Be3 Rf7 12.Qd2 Raf8 13.Rae1 f5 14.f3 a6 15.b3 Nc8 16.exf5
Bxf5 17.d4 Bh3 18.dxe5 Bxg2 19.Kxg2 dxe5 20.Nec3 Nd6 21.Bc5 Nd4 22.f4 Ne6 23.
Bxd6 cxd6 24.fxe5 Rxf1 25.Rxf1 Rxf1 26.Kxf1 Bxe5 27.Ne4 Qf7+ 28.Qf2 Qxf2+ 29.
Kxf2 Kf7 30.Ke3 h6 31.h3 Nd4 32.g4 Ne6 1/2-1/2

[Event "Cto Equipos Aragon 2012 Preferente B"]
[Site "Aragon"]
[Date "2012.02.11"]
[Round "2.63"]
[White "Pellicer Abella Emilio"]
[Black "Larrosa Poves Jose Manuel"]
[Result "0-1"]
[WhiteElo "1835"]
[BlackElo "1950"]

1.Nf3 Nf6 2.d4 c5 3.e3 d5 4.c3 e6 5.Bd3 Nc6 6.Nbd2 Bd6 7.Qe2 O-O 8.dxc5 Bxc5
9.e4 e5 10.exd5 Nxd5 11.Ne4 Bb6 12.Nfg5 f6 13.Nxh7 Bf5 14.Nxf8 Qxf8 15.Qf3 Be6
16.Qg3 Re8 17.h4 f5 18.Ng5 Nf4 19.Nxe6 Nxd3+ 20.Qxd3 Rxe6 21.Be3 Bxe3 22.Qxe3
e4 23.O-O-O Ne5 24.Qxa7 Ra6 25.Qxb7 Rxa2 26.Qd5+ Qf7 27.Qxf7+ Kxf7 28.Kc2 Nd3
29.Rb1 Nxf2 30.Rhf1 e3 31.Rbe1 f4 32.Re2 g5 33.hxg5 Kg6 34.Kb3 Ra8 35.Kc4 Rc8+
36.Kd4 Rd8+ 37.Kc4 Rd2 38.Ree1 Rxb2 39.Rg1 e2 40.Kd4 Kxg5 41.c4 Kf5 42.c5 Rc2
43.Kd5 Nd3 44.g4+ fxg3 45.c6 Nxe1 46.Rxe1 g2 47.Kd6 Kf4 48.c7 Kf3 49.Kd7 Kf2
0-1

[Event "Cto Equipos Aragon 2012 Preferente B"]
[Site "Aragon"]
[Date "2012.02.11"]
[Round "2.64"]
[White "Martinez Crespo Juan"]
[Black "Campo Berdala Carlos"]
[Result "1-0"]
[WhiteElo "1867"]
[BlackElo "1828"]

1.e4 c5 2.Nf3 d6 3.d4 cxd4 4.Nxd4 Nf6 5.f3 a6 6.c4 g6 7.Be3 Bg7 8.Nc3 O-O 9.
Qd2 Nbd7 10.Be2 Qc7 11.Rc1 Ne5 12.O-O Bd7 13.h3 Rac8 14.Nd5 Qd8 15.Rc2 e6 16.
Nxf6+ Bxf6 17.f4 Nc6 18.Nf3 Qc7 19.Rd1 Rfd8 20.Qxd6 Be8 21.Qxc7 Rxd1+ 22.Bxd1
Rxc7 23.e5 Be7 24.a3 f6 25.Be2 Rd7 26.Kf2 fxe5 27.fxe5 Kg7 28.Rd2 Rxd2 29.Bxd2
Bc5+ 30.Be3 Bxe3+ 31.Kxe3 Ne7 32.Nd4 Nf5+ 33.Nxf5+ exf5 34.Bf3 b6 35.Kd4 Kf8
36.b4 Ke7 37.c5 bxc5+ 38.Kxc5 Bb5 39.Bc6 Bf1 40.a4 h5 41.h4 Bd3 42.b5 axb5 43.
axb5 Be4 44.Bxe4 fxe4 45.Kd4 1-0

[Event "Cto Equipos Aragon 2012 Preferente B"]
[Site "Aragon"]
[Date "2012.02.11"]
[Round "2.65"]
[White "Burillo Rodriguez Carlos"]
[Black "Soto Fidalgo Guillermo"]
[Result "0-1"]
[WhiteElo "2044"]
[BlackElo "1907"]

1.d4 d5 2.Nf3 Nf6 3.g3 Bf5 4.Bg2 c6 5.O-O h6 6.Nbd2 e6 7.c4 Bd6 8.Re1 O-O 9.
Nh4 Bh7 10.e4 dxe4 11.Nxe4 Nxe4 12.Bxe4 Bxe4 13.Rxe4 Nd7 14.Nf3 c5 15.Bf4 Nf6
16.Bxd6 Qxd6 17.Re5 cxd4 18.Qxd4 Qxd4 19.Nxd4 Rfd8 20.Nb3 Rac8 21.Rc1 Nd7 22.
Re2 Nc5 23.Nxc5 Rxc5 24.b4 Rc7 25.Kf1 Rd4 26.Rec2 e5 27.Ke2 f5 28.a3 e4 29.Rc3
Kf7 30.c5 g5 31.Rd1 Rxd1 32.Kxd1 Ke6 33.Ke2 Kd5 34.Ke3 b6 35.f3 bxc5 36.fxe4+
fxe4 37.Rc1 c4 38.h4 Rf7 39.hxg5 Rf3+ 40.Ke2 hxg5 41.Rd1+ Rd3 0-1

[Event "Cto Equipos Aragon 2012 Preferente B"]
[Site "Aragon"]
[Date "2012.02.11"]
[Round "2.66"]
[White "Ruiz Gutierrez Jose Manuel"]
[Black "Correas Marcen Jose Maria"]
[Result "0-1"]
[WhiteElo "1863"]
[BlackElo "1994"]

1.d4 g6 2.Nf3 Bg7 3.Bg5 c5 4.e3 Nc6 5.Be2 cxd4 6.exd4 a6 7.Be3 Nf6 8.O-O d5 9.
h3 O-O 10.c4 dxc4 11.Bxc4 Na5 12.Bd3 Nd5 13.Nc3 Nxe3 14.fxe3 Be6 15.Qe2 Rc8
16.Rad1 Nc4 17.Kh1 Qb6 18.Na4 Qb4 19.Nc5 Rxc5 20.dxc5 Nxb2 21.Rc1 Rd8 22.Nd4
Bxd4 23.exd4 Qxd4 24.Be4 Bc4 25.Qf3 Bxf1 26.Rxf1 f5 27.Bxb7 Qxc5 28.Qb3+ Qc4
29.Qf3 Qxf1+ 0-1

[Event "Cto Equipos Aragon 2012 Preferente B"]
[Site "Aragon"]
[Date "2012.02.11"]
[Round "2.67"]
[White "Hernandez Delgado Gabriel"]
[Black "Martinez Martinez Pedro Jose"]
[Result "1-0"]
[WhiteElo "1986"]
[BlackElo "1797"]

1.d4 e6 2.Nf3 d5 3.e3 c5 4.c3 Nc6 5.Bd3 Nf6 6.Nbd2 Bd6 7.O-O O-O 8.dxc5 Bxc5
9.e4 Ng4 10.Qe2 Nge5 11.exd5 Nxd3 12.Qxd3 Qxd5 13.Qxd5 exd5 14.Nb3 Bb6 15.Bf4
Rd8 16.Nfd4 Bg4 17.f3 Bf5 18.Be3 Bd3 19.Rfd1 Bc4 20.Bf2 Re8 21.Rd2 Re7 22.Nf5
Bxf2+ 23.Kxf2 Re6 24.Ne3 Rd8 25.Nc5 Re7 26.b3 Rde8 27.Re1 Bf1 28.Rxd5 Bxg2 29.
Nxg2 b6 30.Nd3 g6 31.Rxe7 Rxe7 32.Ne3 f5 33.Rd6 Rc7 34.Nd5 1-0

[Event "Cto Equipos Aragon 2012 Preferente B"]
[Site "Aragon"]
[Date "2012.02.11"]
[Round "2.68"]
[White "Teresa Moyano Alejandro"]
[Black "De La Riva Fernandez Eduardo"]
[Result "0-1"]
[WhiteElo "1796"]
[BlackElo "1985"]

1.d4 d5 2.Nf3 Nf6 3.e3 Nbd7 4.Bd3 e6 5.O-O Bd6 6.Nbd2 O-O 7.e4 dxe4 8.Nxe4
Nxe4 9.Bxe4 f5 10.Bd3 c5 11.Bc4 Nb6 12.dxc5 Bxh2+ 13.Nxh2 Nxc4 14.b3 Ne5 15.
Bf4 Ng6 16.Bd6 Re8 17.f4 Bd7 18.Nf3 Bc6 19.Ne5 Be4 20.Nxg6 hxg6 21.c3 Kf7 22.
g3 Rh8 23.b4 Rh3 24.Kf2 Qh8 25.Rg1 Rh2+ 26.Ke3 Qh3 27.Be5 Re8 28.Qf1 Qg4 29.a4
Rh3 30.Qf2 Rd8 31.Bd6 Rdh8 32.Raf1 Rh2 33.Qe1 R8h3 34.b5 Rc2 35.Kd4 Rhh2 36.
Kc4 Rhe2 37.Qd1 Rcd2 38.Qa1 Bd5+ 39.Kb4 b6 40.c4 Re4 41.Rc1 Qe2 42.c6 Bxc4 43.
Be5 Bd5+ 44.Ka3 Qe3+ 45.Rc3 Qe2 46.Rb3 Bxb3 47.Kxb3 Qc4+ 48.Ka3 Qxa4# 0-1

[Event "Cto Equipos Aragon 2012 Preferente B"]
[Site "Aragon"]
[Date "2012.02.11"]
[Round "2.69"]
[White "Hinojar Basa Alfonso"]
[Black "Felez Casedas Carlos"]
[Result "1-0"]
[WhiteElo "2194"]
[BlackElo "2024"]

1.e4 d5 2.exd5 Qxd5 3.Nc3 Qa5 4.d4 c6 5.Nf3 Nf6 6.Bc4 Bf5 7.Bd2 e6 8.Nd5 Qd8
9.Nxf6+ gxf6 10.c3 Rg8 11.Nh4 Bg4 12.f3 Bh5 13.Qe2 Be7 14.O-O-O Nd7 15.g4 Bg6
16.f4 f5 17.gxf5 Bxh4 18.fxe6 Qe7 19.exd7+ Kxd7 20.Qg4+ f5 21.Qf3 Rge8 22.d5
Qe4 23.dxc6+ Kxc6 24.Qf1 h6 25.Be1 Qe3+ 26.Kc2 Qe4+ 27.Qd3 Qxd3+ 28.Bxd3 Bf6
29.Bf2 Bh5 30.Rde1 Bf3 31.Rxe8 Rxe8 32.Re1 Be4 33.Bxe4+ fxe4 34.Kd2 Bd8 35.Bd4
Rg8 36.Rxe4 Bc7 37.Be5 Bxe5 38.Rxe5 Rg4 39.Ke3 Rh4 40.f5 Kd6 41.Re4 Rxh2 42.f6
Rh3+ 43.Kf2 1-0

[Event "Cto Equipos Aragon 2012 Preferente B"]
[Site "Aragon"]
[Date "2012.02.11"]
[Round "2.70"]
[White "Landa Galindo Victor"]
[Black "Jario Garcia Ricardo"]
[Result "0-1"]
[WhiteElo "1945"]
[BlackElo "2128"]

1.e4 e6 2.d4 d5 3.Nc3 Bb4 4.e5 c5 5.a3 Bxc3+ 6.bxc3 Qa5 7.Bd2 Qa4 8.Nf3 Nc6 9.
dxc5 Qe4+ 10.Qe2 Qxc2 11.Qd3 Qxd3 12.Bxd3 f6 13.Bf4 g5 14.Bg3 g4 15.Nd4 Nxe5
16.Bb5+ Kf7 17.c6 Ne7 18.c7 a6 19.Be2 N7c6 20.h3 Rg8 21.hxg4 Rg7 22.Rb1 Ra7
23.a4 Kg8 24.Rh6 Rxc7 25.Rxf6 Rf7 26.Rh6 Kg7 27.Rh5 Ng6 28.Bd3 e5 29.Nf5+ Bxf5
30.gxf5 Nf4 31.Bxf4 exf4 32.Rb6 Ra8 33.f6+ Kxf6 34.Rf5+ Ke6 35.Rxf7 Kxf7 36.
Rxb7+ Ke6 37.Rxh7 Kd6 38.Rh6+ Kc5 39.Rh5 Re8+ 40.Kd2 a5 41.Bb5 Rg8 42.Rf5 Rxg2
43.Rxf4 Ne5 44.Ke3 Rh2 45.Rf5 Nc4+ 46.Kd3 Rh3+ 47.f3 Nd6 48.Rf8 Rh1 49.Bd7
Rd1+ 50.Kc2 Rf1 51.Bg4 Rf2+ 52.Kb3 Nc4 53.Rc8+ Kb6 54.Rb8+ Ka7 55.Rb5 Rb2# 0-1

[Event "Cto Equipos Aragon 2012 Preferente B"]
[Site "Aragon"]
[Date "2012.02.11"]
[Round "2.72"]
[White "Palacian Campodarve Javier"]
[Black "Ruiperez Gumiel Ramon"]
[Result "1-0"]
[WhiteElo "1734"]
[BlackElo "1947"]

1.d4 d5 2.c4 e5 3.dxe5 d4 4.Nf3 Nc6 5.e4 Bg4 6.Bf4 Bb4+ 7.Nbd2 g5 8.Bg3 d3 9.
Qb3 Bxf3 10.gxf3 Nd4 11.Qa4+ b5 12.cxb5 Nc2+ 13.Kd1 Qd4 14.Rb1 Qc5 15.a3 Bxd2
16.Kxd2 O-O-O 17.Qa6+ Kb8 18.Qc6 Nd4 19.Qxc5 Nb3+ 20.Ke3 Nxc5 21.b4 d2 22.Rd1
f5 23.exf5 Nb3 24.Bc4 Nd4 25.Bd3 Ne7 26.f6 Nd5+ 27.Ke4 Nc3+ 28.Ke3 Nxd1+ 29.
Rxd1 Nxf3 30.e6 g4 31.f7 Rxd3+ 32.Kxd3 Rd8+ 33.Ke3 Nd4 34.Rxd2 Nf5+ 35.Ke2 Rf8
36.Rd7 h5 37.e7 1-0

[Event "Cto Equipos Aragon 2012 Div. Honor A "]
[Site "Aragon"]
[Date "2012.02.18"]
[Round "3.1"]
[White "Del Rey Diego"]
[Black "Valiente Roy Jose Javier"]
[Result "1-0"]
[WhiteElo "2371"]
[BlackElo "2005"]

1.e4 c6 2.d4 d5 3.e5 Bf5 4.Nf3 e6 5.Be2 Ne7 6.O-O Nd7 7.b3 Nc8 8.Ne1 Be7 9.f4
c5 10.c3 a6 11.g4 Bxb1 12.Rxb1 cxd4 13.cxd4 Qb6 14.Kh1 Na7 15.Bb2 O-O-O 16.b4
Kb8 17.Nd3 Rc8 18.Nc5 Bxc5 19.bxc5 Qc6 20.Bc3 f6 21.Ba5 fxe5 22.fxe5 Rhf8 23.
Qd3 Rxf1+ 24.Bxf1 Nb5 25.a4 Nc7 26.Qb3 Rf8 27.Bxc7+ Kxc7 28.Bb5 axb5 29.axb5
Nxc5 30.Qa3 Qe8 31.Qxc5+ 1-0

[Event "Cto Equipos Aragon 2012 Div. Honor A "]
[Site "Aragon"]
[Date "2012.02.18"]
[Round "3.2"]
[White "Munoz Suarez Luis Alberto"]
[Black "Chueca Forcen Alberto"]
[Result "0-1"]
[WhiteElo "1994"]
[BlackElo "2350"]

1.e4 c6 2.d4 d5 3.e5 c5 4.dxc5 e6 5.Nf3 Bxc5 6.Bd3 Nc6 7.O-O f6 8.Qe2 fxe5 9.
Nxe5 Nf6 10.Nxc6 bxc6 11.Nd2 O-O 12.Nf3 Qc7 13.Bg5 Ng4 14.h3 Nxf2 15.Rxf2
Bxf2+ 16.Qxf2 e5 17.Bxh7+ Kxh7 18.Qh4+ Kg8 19.Be7 Rf4 20.Qg5 Bxh3 21.Bc5 Rg4
22.Qh5 Rxg2+ 23.Kh1 Bg4 24.Qxe5 Qxe5 25.Nxe5 Rxc2 26.Bd4 Bf5 27.Rg1 0-1

[Event "Cto Equipos Aragon 2012 Div. Honor A "]
[Site "Aragon"]
[Date "2012.02.18"]
[Round "3.3"]
[White "Hernando Garcia Antonio"]
[Black "Serrano San Nicolas Angel"]
[Result "0-1"]
[WhiteElo "2219"]
[BlackElo "1959"]

1.Nf3 f5 2.e4 fxe4 3.Ng5 g6 4.d3 h6 5.Nxe4 d5 6.Ng3 Be6 7.d4 Nf6 8.Bd3 Rg8 9.
c3 Qd7 10.Qc2 Bf7 11.Nd2 Nc6 12.Nf3 O-O-O 13.Bf4 e6 14.O-O-O g5 15.Be5 Bg7 16.
h3 Bh8 17.Rde1 Nh5 18.Bxh8 Nxg3 19.fxg3 Rxh8 20.Bb5 Qd6 21.Bxc6 bxc6 22.Ne5
Be8 23.b4 c5 24.bxc5 Qa6 25.Re3 Rf8 26.Rhe1 Bb5 27.Nd3 Bxd3 28.Rxd3 Rf6 29.
Rde3 Rdf8 30.Qe2 Qa5 31.Qb2 Qa6 32.Kd2 Rf2+ 33.R3e2 e5 34.dxe5 h5 35.Qb3 Qe6
36.Kd1 g4 37.h4 R8f5 38.Qb5 a6 39.Qd3 Rf1 40.Rxf1 Rxf1+ 41.Kc2 Qc6 42.e6 Qa4+
43.Kb2 Rd1 44.Rd2 Qb5+ 45.Qxb5 Rxd2+ 46.Kc1 axb5 47.Kxd2 Kd8 48.Ke3 Ke7 49.Kf4
Kxe6 50.Kg5 b4 51.cxb4 d4 52.Kf4 Kd5 53.c6 Kc4 54.b5 Kxb5 55.Ke4 Kc4 56.Kf4 d3
0-1

[Event "Cto Equipos Aragon 2012 Div. Honor A "]
[Site "Aragon"]
[Date "2012.02.18"]
[Round "3.4"]
[White "Navarro Castan Jesus"]
[Black "Sarto Ramos Angel"]
[Result "0-1"]
[WhiteElo "1875"]
[BlackElo "1995"]

1.e4 g6 2.d4 c6 3.Nc3 d5 4.Be3 Bg7 5.Qd2 dxe4 6.Nxe4 Nd7 7.Bc4 Ndf6 8.Ng5 Nd5
9.Ne2 h6 10.Ne4 Ngf6 11.Nxf6+ exf6 12.Bxd5 Qxd5 13.Nf4 Qd6 14.O-O O-O 15.Ne2
Kh7 16.Bf4 Qd8 17.Rfe1 f5 18.Rad1 g5 19.Be5 f6 20.Bg3 f4 21.Bxf4 gxf4 22.Nxf4
Bf5 23.h3 Qd7 24.g4 Bg6 25.Ne6 Rfe8 26.Nc5 Qd5 27.c3 Qf3 28.Re3 Rxe3 29.fxe3
Qg3+ 30.Qg2 Qxe3+ 31.Kh2 Re8 32.Rf1 b6 0-1

[Event "Cto Equipos Aragon 2012 Div. Honor A "]
[Site "Aragon"]
[Date "2012.02.18"]
[Round "3.5"]
[White "Cifuentes Roberto"]
[Black "Hefty Hilardo Jorge W"]
[Result "1/2-1/2"]
[WhiteElo "2523"]
[BlackElo "2329"]

1.d4 d5 2.c4 c6 3.Nf3 Nf6 4.e3 Bf5 5.Nc3 e6 6.Nh4 Be4 7.f3 Bg6 8.Qb3 Qb6 9.
Nxg6 hxg6 10.Bd2 Nbd7 11.O-O-O Qxb3 12.axb3 Bd6 13.h3 Nh5 14.Bd3 Ng3 15.Rhe1
O-O 16.Kc2 a6 17.cxd5 cxd5 18.Kb1 Nb6 19.Na4 Nxa4 20.bxa4 Rac8 21.Rc1 Nf5 22.
Ka2 Bg3 23.Rf1 Bd6 24.Kb3 Ne7 25.a5 Nc6 26.Ka4 e5 27.dxe5 Nxe5 28.Be2 Rfe8 29.
Rxc8 Rxc8 30.Rd1 Nd7 31.b4 Bg3 32.Kb3 Re8 33.Bc1 Nf6 34.Kc2 Kf8 35.Rd3 Rc8+
36.Kd1 Ke7 37.Rb3 Bd6 38.b5 axb5 39.Rxb5 Rc7 40.g4 Ke6 41.Bd2 Nd7 42.g5 Nc5
43.h4 f6 44.Bf1 Bg3 45.Rb6+ Kf7 46.Rb4 Bd6 47.Rb5 Ke7 48.Bg2 Ke6 49.Ke2 Ke7
50.Be1 Ke6 51.Rb1 Rc8 52.Kd1 Rc7 53.Bf1 Be7 54.Rb6+ Kf7 55.gxf6 gxf6 56.Rb5
Rd7 57.Bc3 f5 58.Bh3 Ne6 59.h5 Bf6 60.hxg6+ Kxg6 61.Bxf6 Kxf6 62.Rb6 Rh7 63.
Bf1 Rc7 64.f4 Ke7 65.Bd3 Kf6 66.Kd2 Rc5 67.Bb5 Rc7 68.Ba4 Ke7 69.Bc2 Kf6 70.
Bd3 Rc5 71.Bb5 Rc7 72.Rd6 Rc5 73.Rb6 Rc7 74.Ke2 Ke7 75.Bd3 Kf6 76.Kf3 Rc3 77.
Ke2 Rc5 78.Bb5 Rc7 79.Kf2 Ke7 80.Bd3 Kf6 81.Ke1 Rc5 82.Bb5 Rc7 83.Kd2 Ke7 84.
Ba4 d4 85.Bb3 dxe3+ 86.Kxe3 Nd8 87.Rb5 Rc3+ 88.Kd4 Rf3 89.Bd5 Rxf4+ 90.Kc5 Ra4
91.Kb6 Kf6 92.Bxb7 Nxb7 93.Kxb7 Kg5 94.a6 Kg4 95.a7 f4 96.Rb6 Rxa7+ 1/2-1/2

[Event "Cto Equipos Aragon 2012 Div. Honor A "]
[Site "Aragon"]
[Date "2012.02.18"]
[Round "3.6"]
[White "Garcia Monterde Francisco Jose"]
[Black "Abos Rosico Antonio"]
[Result "1-0"]
[WhiteElo "2013"]
[BlackElo "2087"]

1.c4 e5 2.Nc3 Nc6 3.g3 g6 4.Bg2 Bg7 5.e3 d6 6.Nge2 f5 7.d3 Nf6 8.O-O O-O 9.Rb1
Ne7 10.b4 c6 11.b5 Be6 12.Qa4 Qd7 13.Ba3 g5 14.bxc6 bxc6 15.Qb4 Rfd8 16.Qb7
Qe8 17.Qa6 Qh5 18.Rb7 Bc8 19.Rfb1 Ng6 20.Rxg7+ Kxg7 21.Qxc6 Be6 22.Rb7+ Kh8
23.Bxd6 Re8 24.Qc7 Bd7 25.Nd5 Nxd5 26.Qxd7 Nde7 27.Nc3 Rad8 28.Qe6 Ng8 29.Qf7
Qh6 30.c5 f4 31.Nd5 Rf8 32.Bxf8 Rxf8 33.Qd7 f3 34.Bh3 e4 35.d4 Nf6 36.Nxf6
Rxf6 37.Bf5 Nf8 38.Qc8 Rc6 39.Qe8 Kg8 40.Bxh7+ Kh8 41.Bxe4 Re6 42.Re7 Rxe7 43.
Qxe7 g4 44.Qh4 Kg7 45.Qxh6+ Kxh6 46.d5 Kg5 47.c6 1-0

[Event "Cto Equipos Aragon 2012 Div. Honor A "]
[Site "Aragon"]
[Date "2012.02.18"]
[Round "3.7"]
[White "Mancho Fondevila Jorge"]
[Black "Jimenez Fernandez Alejandro"]
[Result "0-1"]
[WhiteElo "1852"]
[BlackElo "1980"]

1.d4 f5 2.Nf3 Nf6 3.e3 e6 4.Bd3 d5 5.O-O Bd6 6.b3 Qe7 7.c4 c6 8.Bb2 O-O 9.Ne5
Nbd7 10.f4 Ne4 11.Nd2 Ndf6 12.Rf3 Bb4 13.Bxe4 fxe4 14.Rh3 Bd7 15.g4 Be8 16.Qe2
Nd7 17.Rf1 Nxe5 18.dxe5 Bg6 19.Rd1 a5 20.a4 Rab8 21.Nf1 b5 22.Ng3 dxc4 23.bxc4
bxa4 24.Qf1 a3 25.Ba1 Rbd8 26.Rxd8 Qxd8 27.f5 Qg5 28.Qe2 exf5 29.gxf5 Rxf5 30.
Kh1 Rxe5 31.Bxe5 Qxe5 0-1

[Event "Cto Equipos Aragon 2012 Div. Honor A "]
[Site "Aragon"]
[Date "2012.02.18"]
[Round "3.8"]
[White "Larraz Giganto Carlos"]
[Black "Uldemolins Nivela Mateo"]
[Result "0-1"]
[WhiteElo "1819"]
[BlackElo "1819"]

1.e4 d6 2.d4 Nf6 3.Nc3 e5 4.dxe5 dxe5 5.Qxd8+ Kxd8 6.Bc4 Be6 7.Bxe6 fxe6 8.Be3
Bd6 9.Nf3 Ke7 10.h3 Nbd7 11.Nd2 a6 12.Nc4 Rad8 13.Nxd6 cxd6 14.f3 Rc8 15.O-O-O
Rc6 16.Rd2 Rhc8 17.Rhd1 Nb6 18.Bg5 h6 19.Bh4 Nc4 20.Rd3 g5 21.Bf2 Nh5 22.g3 b5
23.Kb1 Nxb2 24.Kxb2 b4 25.Be1 bxc3+ 26.Rxc3 Rxc3 27.Bxc3 Nxg3 28.Bb4 Rc6 29.
Be1 Ne2 30.Bf2 Rc8 31.h4 Rb8+ 32.Ka3 Rf8 33.hxg5 Rxf3+ 34.Rd3 Rxf2 35.gxh6 Rh2
36.Rd2 Rh3+ 37.Ka4 Nc3+ 38.Ka5 Nxe4 39.Rg2 Nc5 40.Rg7+ Kf6 41.Kb6 Rxh6 42.Rg2
e4 43.Kc6 Ke5 44.Rg5+ Kd4 45.Kxd6 e5+ 46.Ke7 e3 47.Rg2 Ne4 48.Kd7 Nf2 49.Rg1
e2 50.Re1 Ke3 51.c4 Nd3 0-1

[Event "Cto Equipos Aragon 2012 Div. Honor A "]
[Site "Aragon"]
[Date "2012.02.18"]
[Round "3.10"]
[White "Glavina Pablo"]
[Black "Ramon Perez Jose Luis"]
[Result "1-0"]
[WhiteElo "2457"]
[BlackElo "2234"]

1.Nf3 c5 2.g3 Nc6 3.Bg2 d5 4.d4 e6 5.O-O cxd4 6.Nxd4 Bc5 7.Nxc6 bxc6 8.c4 Ne7
9.Qc2 Bb6 10.b3 O-O 11.Bb2 Bb7 12.Nc3 Rc8 13.Na4 c5 14.Rad1 Qc7 15.e3 Ba5 16.
cxd5 exd5 17.Rc1 Ba6 18.Rfd1 c4 19.Ba3 Rfd8 20.Nc5 cxb3 21.axb3 Bb5 22.Qa2 Bb6
23.Ne6 Qxc1 24.Rxc1 Rxc1+ 25.Bxc1 fxe6 26.Bb2 Nf5 27.Bf1 Bxf1 28.Kxf1 d4 29.b4
Kf7 30.g4 d3 31.Ke1 Nd6 32.Qa6 d2+ 33.Kd1 Rd7 34.Qd3 Ke8 35.Qxh7 Rc7 36.Qd3
Rf7 37.Qxd6 Bxe3 38.Qxe6+ 1-0

[Event "Cto Equipos Aragon 2012 Div. Honor A "]
[Site "Aragon"]
[Date "2012.02.18"]
[Round "3.11"]
[White "Remiro Juste Fernando Jose"]
[Black "Lopez Gracia Fernando"]
[Result "1/2-1/2"]
[WhiteElo "2219"]
[BlackElo "2336"]

1.d4 Nf6 2.Nf3 e6 3.e3 c5 4.Bd3 b6 5.Nbd2 Bb7 6.O-O Be7 7.c3 Nc6 8.a3 d5 9.b4
Qc7 10.b5 Na5 11.Bb2 O-O 12.Ne5 c4 13.Bc2 Ne4 14.f4 f6 15.Nef3 Bd6 16.Qb1 f5
17.a4 a6 18.Nxe4 dxe4 19.Ne5 axb5 20.Ba3 bxa4 21.Bxd6 Qxd6 22.Bxa4 Bd5 23.Rf2
Qc7 24.Bb5 1/2-1/2

[Event "Cto Equipos Aragon 2012 Div. Honor A "]
[Site "Aragon"]
[Date "2012.02.18"]
[Round "3.13"]
[White "Llanes Luno Ricardo"]
[Black "Gavin Roche Enrique"]
[Result "0-1"]
[WhiteElo "2203"]
[BlackElo "2253"]

1.e4 e6 2.d4 d5 3.e5 c5 4.c3 Nc6 5.Nf3 Nh6 6.Bd3 cxd4 7.cxd4 Nf5 8.Bxf5 exf5
9.O-O Qb6 10.b3 Be6 11.Ba3 Nb4 12.Nc3 Be7 13.Ne1 O-O 14.Na4 Qb5 15.Nc2 a5 16.
Qd2 Rfc8 17.Bxb4 axb4 18.Nb2 Rc3 19.Rfc1 Rac8 20.Ne1 h6 21.Nd1 Rxc1 22.Rxc1
Rxc1 23.Qxc1 Qe2 24.Ne3 Bg5 25.Qd1 Qxa2 26.Nd3 f4 27.Nxb4 Qa3 28.Nexd5 Qa5 29.
h4 Bxh4 30.Qf3 Qa1+ 31.Kh2 Qxd4 32.Qxf4 Bxf2 33.Qf3 Qh4+ 0-1

[Event "Cto Equipos Aragon 2012 Div. Honor A "]
[Site "Aragon"]
[Date "2012.02.18"]
[Round "3.14"]
[White "Laliena Solanes Luis"]
[Black "Lamas Mercadal Manuel"]
[Result "1/2-1/2"]
[WhiteElo "2181"]
[BlackElo "2202"]

1.c4 e5 2.g3 Nc6 3.Bg2 g6 4.Nc3 Bg7 5.e4 d6 6.d3 f5 7.Nge2 Nf6 8.O-O O-O 9.Nd5
Be6 10.Bg5 Qd7 11.Qd2 Rf7 12.exf5 Bxf5 13.b4 Raf8 14.b5 Nd8 15.Nxf6+ Bxf6 16.
Bh6 Bg7 17.Bxg7 Kxg7 18.Nc3 Bh3 19.d4 Bxg2 20.Kxg2 Rf5 21.dxe5 Rxe5 22.f4 Rh5
23.Rae1 Ne6 24.Kg1 Rhf5 25.Nd5 R5f7 26.Qe3 Nc5 27.Qd4+ Kg8 28.Re2 c6 29.Nc3 g5
30.bxc6 bxc6 31.Ne4 Nxe4 32.Rxe4 gxf4 33.Rexf4 Rxf4 34.Rxf4 Rxf4 35.Qxf4 d5
36.cxd5 cxd5 37.Qg5+ Kf7 38.Qh5+ Kg7 39.Qg5+ Kf7 40.Qh5+ Kg7 1/2-1/2

[Event "Cto Equipos Aragon 2012 Div. Honor A "]
[Site "Aragon"]
[Date "2012.02.18"]
[Round "3.15"]
[White "Llanes Luno Pedro Alfredo"]
[Black "Latorre Abad Fernando"]
[Result "1/2-1/2"]
[WhiteElo "2148"]
[BlackElo "2100"]

1.e4 e5 2.Nf3 Nf6 3.d4 Nxe4 4.Bd3 d5 5.dxe5 Nc6 6.Nbd2 Nc5 7.Be2 Bf5 8.O-O Be7
9.Nb3 O-O 10.Nbd4 Bg6 11.Nxc6 bxc6 12.Nd4 Qd7 13.f4 Ne6 14.Bg4 Be4 15.Be3 c5
16.Nf5 Bxf5 17.Bxf5 Qc6 18.Bxh7+ Kxh7 19.Qh5+ Kg8 20.f5 Nd4 21.c3 Nxf5 22.Qxf5
Qe6 23.Rad1 Qxf5 24.Rxf5 c6 25.Kf2 c4 26.Ke2 Rab8 27.Bc1 Bc5 28.Kd2 Rbe8 29.
Re1 Re6 30.b4 cxb3 31.axb3 Rfe8 32.Kd3 g6 33.Rg5 Be7 34.Rg4 Bc5 35.Bf4 Bb6 36.
Bg3 R8e7 37.h4 Kg7 38.h5 Re8 39.Rf1 Bd8 40.Rgf4 Rf8 41.Rg4 Rh8 42.Rgf4 Rf8
1/2-1/2

[Event "Cto Equipos Aragon 2012 Div. Honor A "]
[Site "Aragon"]
[Date "2012.02.18"]
[Round "3.16"]
[White "Cobo Garrido Diego Israel"]
[Black "Roche Simon Manuel Angel"]
[Result "0-1"]
[WhiteElo "2049"]
[BlackElo "2134"]

1.e4 c5 2.Nf3 e6 3.d4 cxd4 4.Nxd4 Nc6 5.Nc3 Qc7 6.Be2 a6 7.Be3 b5 8.O-O Bb7 9.
a3 Nf6 10.Nb3 d6 11.f4 Be7 12.Bf3 O-O 13.Kh1 b4 14.axb4 Nxb4 15.Na5 d5 16.e5
Ne4 17.Nxb7 Qxb7 18.Bd4 Rfd8 19.Re1 Nc5 20.Qe2 g6 21.Qf2 Rac8 22.Re2 Nd7 23.
Rd1 Bc5 24.b3 Qa7 25.Na4 Bxd4 26.Qxd4 Qxd4 27.Rxd4 Nxc2 28.Rd1 Nd4 29.Re3 Nxf3
30.Rxf3 Rc6 31.Rfd3 Rdc8 32.Kg1 Rb8 33.Kf2 Rb4 34.Kf3 g5 35.g3 Kg7 36.Rh1 Kg6
37.h4 gxf4 38.gxf4 Kf5 39.Rg1 Rxf4+ 40.Ke3 Re4+ 41.Kd2 Nxe5 42.Rdg3 Rf4 43.
R1g2 Nf3+ 44.Ke3 d4+ 45.Kd3 Ne1+ 0-1